000 00563nam a2200193Ia 4500
003 IN-BaIIA
008 211028s9999 xx 000 0 eng d
020 _a0-07-011385-8
040 _cIIA Library
080 _a52
_bCLO
100 _aClotfelter, Berly E
_99392
245 4 _aThe universe and its structure
_cBerly E Clotfelter
260 _aNew York
_bMcGraw-Hill
_c1976
300 _aviii, 437p.
650 _aAstronomy
_980
650 _aAstronomy and Astrophysics Thesaurus
650 _aUniverse
_91987
942 _cBK
999 _c5400
_d5400